000 00561nam a2200181Ia 4500
008 151018s9999 xx 000 0 und d
082 _bRBASDV26424
_a891.463
100 _aयोगिनी जोगळेकर
245 _aसायास
250 _b1
260 _bराजेंद्र प्रकाशन ठाणे
_c19945
300 _a158
600 _aयोगिनी जोगळेकर
630 _aसायास
700 _aयोगिनी जोगळेकर
730 _aसायास
942 _cBOOK
999 _c1026027
_d1026024